000 00377nam a2200133 i 4500
001 bg
100 1 _aSMOKTUNOWICZ, Eugeniusz
245 0 _aEncyklopedia obywatela PRL :
_bstatue administracyjnoprawny /
_cEugeniusz Smoktunowicz.
260 _aWarszawa :
_bWydaw. Prawnicze,
_c1987.
040 _cBPK
041 _apol
942 _cKS
008 s pl f |000 0 pol
999 _c23564
_d23564
856 _uhttp://koha.tu.koszalin.pl/cgi-bin/koha/opac-detail.pl?biblionumber=23564
_yKatalog online BPK